000
00334nam a22001457a 4500
999
_c
257214
_d
257213
003
OSt
005
20180823113556.0
008
180823b xxu||||| |||| 00| 0 eng d
020
_a
01401.77396
040
_c
na
100
_a
John Steinbeck
245
_a
Of Mice and Men
260
_a
Newyork
_b
Penguin Books
_c
1978
942
_2
lcc
_c
BK